| 000 | 00674nam a2200169Ia 4500 | ||
|---|---|---|---|
| 008 | 090711s9999 xx 000 0 und d | ||
| 082 | _b24816 | ||
| 100 | _aपाटील ग. ह. / निरंतर गं. भा. | ||
| 245 | _aमराठी वाड्.मयाSाा इतिहास | ||
| 260 | _c1971 | ||
| 300 | _a312 | ||
| 600 | _aपाटील ग. ह. / निरंतर गं. भा. | ||
| 630 | _aमराठी वाड्.मयाSाा इतिहास | ||
| 700 | _aपाटील ग. ह. / निरंतर गं. भा. | ||
| 730 | _aमराठी वाड्.मयाSाा इतिहास | ||
| 942 | _cBOOK | ||
| 999 |
_c311439 _d311439 |
||